000 00378 a2200109 4500
001 ART_13763
005 20260410161914.0
008 260409a
245 1 0 _aLa contribución de la escuela de Chicago a la sociología norteamericana
100 1 _aForni, Floreal H.
773 0 _tRevista Paraguaya de Sociología
_g- Año 19, Nº 55 (sep./dic. 1982)
_wREV13424
999 _c27082
_d27082